The big book of humorous training games

Bibliographic Details
Main Authors: Weiss, Sharyn (Author), Tamblyn, Doni (Author)
Format: Book
Language:English
Published: New York : McGraw 2000
Subjects:

MARC

LEADER 00000cam a2200000 7i4500
001 0000010403
005 20240919.0
008 030513 nyu eng
020 |a 0071357807 
040 |a INS   |b eng   |e rda 
090 0 0 |a HF5549.5.T7   |b T26 2000 
100 1 |a Weiss, Sharyn ,   |e author 
245 1 4 |a The big book of humorous training games   |c Sharyn Weiss, Doni Tamblyn 
264 1 |a New York :   |b McGraw   |c 2000 
300 |a xviii, 279 pages :   |b illustrations ;   |c 24 cm. 
336 |a text  |2 rdacontent 
337 |a unmediated  |2 rdamedia 
338 |a volume  |2 rdacarrier 
650 0 |a eEmployess   |x Training 
650 0 |a Humor in Business 
700 1 |a Tamblyn, Doni ,   |e author 
999 |a 0000008636   |b BOOK   |c Open Shelf   |e Default branch 
999 |a 0000019502   |b BOOK   |c Open Shelf   |e Default branch